The noble scholar, jurist, historian


 His Excellency Dr. Abdul Wahhab bin Ibrahim Abu Sulaiman, may Allah have mercy on him.


 He was born in Umm Al-Qura in the year 1356 AH.

الخطب الواعظية والشذور الذهبية المنبرية / (Record no. 14052)

MARC details
000 -LEADER
fixed length control field 01062cam a2200253 i 4500
003 - CONTROL NUMBER IDENTIFIER
control field OSt
005 - DATE AND TIME OF LATEST TRANSACTION
control field 20260315115321.0
008 - FIXED-LENGTH DATA ELEMENTS--GENERAL INFORMATION
fixed length control field 260103q19001999ii g 00010 ara c
040 ## - CATALOGING SOURCE
Original cataloging agency SA-RiAUC
Language of cataloging ara
Transcribing agency SA-RiAUC
082 04 - DEWEY DECIMAL CLASSIFICATION NUMBER
Classification number 213
Assigning agency SA-RiAUC
090 ## - LOCALLY ASSIGNED LC-TYPE CALL NUMBER (OCLC); LOCAL CALL NUMBER (RLIN)
Classification number (OCLC) (R) ; Classification number, CALL (RLIN) (NR) م ن 213
Local cutter number (OCLC) ; Book number/undivided call number, CALL (RLIN) ف ق ي
100 1# - MAIN ENTRY--PERSONAL NAME
Personal name الفقيه، أحمد عبد الله
Relator term مؤلف.
245 12 - TITLE STATEMENT
Title الخطب الواعظية والشذور الذهبية المنبرية /
Statement of responsibility, etc. أحمد بن عبد الله بن مصطفى المكي الفقيه.
264 #1 - PRODUCTION, PUBLICATION, DISTRIBUTION, MANUFACTURE, AND COPYRIGHT NOTICE
Place of production, publication, distribution, manufacture [مكان الشر غير محدد] :
Name of producer, publisher, distributor, manufacturer الناشر غير محدد]،
Date of production, publication, distribution, manufacture, or copyright notice [بين 1900 و1999]
264 #3 - PRODUCTION, PUBLICATION, DISTRIBUTION, MANUFACTURE, AND COPYRIGHT NOTICE
Place of production, publication, distribution, manufacture بمبي، الهند :
Name of producer, publisher, distributor, manufacturer المطبعة المحمدية‏
300 ## - PHYSICAL DESCRIPTION
Extent 138 صفحة ؛
Dimensions 28 سم
336 ## - CONTENT TYPE
Content type term نص
Content type code txt
Source rdacontent
Materials specified كتاب
337 ## - MEDIA TYPE
Media type term بدون وسيط
Media type code n
Source rdamedia
338 ## - CARRIER TYPE
Carrier type term مجلد
Carrier type code nc
Source rdacarrier
650 #7 - SUBJECT ADDED ENTRY--TOPICAL TERM
Topical term or geographic name entry element الخطب الدينية الإسلامية
Source of heading or term aucsh
650 #7 - SUBJECT ADDED ENTRY--TOPICAL TERM
Topical term or geographic name entry element الوعظ والإرشاد
Source of heading or term aucsh
942 ## - ADDED ENTRY ELEMENTS (KOHA)
Source of classification or shelving scheme Dewey Decimal Classification
Koha item type كتاب مصور نادر
Suppress in OPAC No
949 ## - LOCAL PROCESSING INFORMATION (OCLC)
a SA-JeALM
d 260103
u mohamedma123
n 1
Holdings
Withdrawn status Lost status Source of classification or shelving scheme Damaged status Not for loan Home library Current library Date acquired Total checkouts Full call number Barcode Date last seen Price effective from Koha item type
    Dewey Decimal Classification     DR AbdElwahab Library DR AbdElwahab Library 01/14/2026   م ن 213 ف ق ي 000022460 01/14/2026 01/14/2026 كتاب مصور نادر
    Dewey Decimal Classification     DR AbdElwahab Library DR AbdElwahab Library 01/14/2026   م ن 213 ف ق ي 000022461 01/14/2026 01/14/2026 كتاب مصور نادر
    Dewey Decimal Classification     DR AbdElwahab Library DR AbdElwahab Library 03/15/2026   م ن 213 ف ق ي 000023075 03/15/2026 03/15/2026 كتاب مصور نادر